Normal view
MARC view
- Harrison M. & Gilbert S. Ed
Entry Personal Name
001 - CONTROL NUMBER
- control field: 190690
003 - CONTROL NUMBER IDENTIFIER
- control field: OSt
005 - DATE AND TIME OF LATEST TRANSACTION
- control field: 20230714213146.0
008 - FIXED-LENGTH DATA ELEMENTS
- fixed length control field: 230714|| aca||aabn | a|a d
040 ## - CATALOGING SOURCE
- Original cataloging agency: OSt
- Transcribing agency: OSt
100 ## - HEADING--PERSONAL NAME
- Personal name: Harrison M. & Gilbert S. Ed
670 ## - SOURCE DATA FOUND
- Source citation: Work cat.: (OSt)197741: Harrison M. 117524, The Great Speeches Of Barack Obama, 2009